00490 a2200169 4500010001400000020002600014035001300040037001600053082001400069100002100083245009200104250001100196260004500207300002800252500002000280700002000300 aENG-88593 a9788120333710c425.00 aEN-72126 bDBAD / PUB14a658.300191 aCascio, Wayne F.1 aApplied psychology in human resource management/cby Wayne F. Cascio and Herman Aguinis a6th ed aNew DelhibPrentice-Hall of Indiac2008 axx, 588p. :c24cm (pbk) aIncludes index. aAguinis, Herman